Classic Literature for Young Readers - Statistics

General Stats
  • This quiz has been taken 350 times
  • The average score is 19 of 50
Answer Stats
Character Novel % Correct
Mowgli The Jungle Book
88%
Atticus Finch To Kill a Mockingbird
83%
Eeyore Winnie the Pooh
81%
Watson The Adventures of Sherlock Holmes
78%
Josephine March Little Women
73%
Scarecrow The Wonderful Wizard of Oz
73%
Smaug The Hobbit
71%
Veruca Salt Charlie and the Chocolate Factory
70%
The Artful Dodger Oliver Twist
70%
Long John Silver Treasure Island
68%
Wilbur Charlotte's Web
66%
Mr. Smee Peter Pan
63%
Holden Caulfield The Catcher in the Rye
63%
Mr. Toad The Wind in the Willows
62%
Piggy Lord of the Flies
57%
Captain Nemo 20 000 Leagues Under the Sea
55%
Injun Joe The Adventures of Tom Sawyer
55%
Snowball Animal Farm
53%
Carrie Ingalls Little House on the Prairie
53%
Mr. Tumnus The Lion, the Witch, and the Wardrobe
53%
Friday Robinson Crusoe
48%
Gilbert Blythe Anne of Green Gables
41%
Ponyboy The Outsiders
41%
Mary Lennox The Secret Garden
40%
Ichabod Crane The Legend of Sleepy Hollow
39%
The Dauphin The Adventures of Huckleberry Finn
36%
Allan a Dale The Merry Adventures of Robin Hood
34%
Passepartout Around the World in 80 Days
33%
Fiver Watership Down
23%
Sara Crewe A Little Princess
22%
Uncle Alp Heidi
21%
Buck Call of the Wild
19%
Merrylegs Black Beauty
18%
Morlock The Time Machine
17%
Meg Murry A Wrinkle in Time
15%
Andrew Wiggin Ender's Game
14%
Faline Bambi: A Life in the Woods
11%
Mr. Nilsson Pippi Longstocking
11%
Fritz Swiss Family Robinson
10%
The Mathemagician The Phantom Tollbooth
9%
Glumdalclitch Gulliver's Travels
8%
Clover Carr What Katy Did
6%
Manolin The Old Man and the Sea
5%
"Bobbie" Waterbury The Railway Children
5%
Karana Island of the Blue Dolphins
3%
Travis Old Yeller
3%
John Pendleton Pollyanna
3%
Sam Gribley My Side of the Mountain
2%
Billy Colman Where the Red Fern Grows
2%
Elzevir Moonfleet
0%
No matching quizzes found
Score Distribution
Percent of People with Each Score
Percentile by Number Answered
Your Score History
You have not taken this quiz